|
|
|
|
| LEADER |
00000nam0a2200000 4500 |
| 001 |
224612 |
| 005 |
20231101230613.0 |
| 010 |
|
|
|a 9785917182094
|
| 035 |
|
|
|a (RuTPU)RU\TPU\book\244927
|
| 090 |
|
|
|a 224612
|
| 100 |
|
|
|a 20121029d2012 k y0rusy50 ca
|
| 101 |
0 |
|
|a rus
|
| 102 |
|
|
|a RU
|
| 105 |
|
|
|a a z 001zy
|
| 200 |
1 |
|
|a Формирование управленческой компетентности экономистов-менеджеров в системе дополнительного профессионального образования в вузе
|e монография
|f А. И. Черных, М. А. Ковардаков, А. А. Морусов
|
| 210 |
|
|
|a Краснодар
|c Издательский дом - Юг
|d 2012
|
| 215 |
|
|
|a 355 с.
|c ил.
|
| 320 |
|
|
|a Библиогр.: с. 239-273.
|
| 330 |
|
|
|a Монография посвящена проблеме дополнительного профессионального образования экономистов-менеджеров. В период коренной модернизации системы образования проблема развития управленческой компетентности действующих руководителей предприятий России и формирования корпуса руководителей нового, креативного, инновационного типа, готового и способного к инициативе и нестандартным управленческим решениям, становится особенно актуальной. Авторами разработана, теоретически обоснована и экспериментально проверена модель процесса формирования управленческой компетентности экономистов-менеджеров в системе дополнительного профессионального образования в вузе. Монография будет представлять интерес для организаторов и преподавателей системы дополнительного образования в вузах, аспирантов и студентов, обучающихся по экономическим специальностям, а также практическим работникам в сфере управления экономикой.
|
| 606 |
1 |
|
|a Менеджеры
|x Профессиональное образование
|2 stltpush
|3 (RuTPU)RU\TPU\subj\72009
|9 85639
|
| 606 |
1 |
|
|a Высшее образование
|x Управление
|x Управление качеством
|2 stltpush
|3 (RuTPU)RU\TPU\subj\67539
|9 83296
|
| 610 |
1 |
|
|a управление
|
| 610 |
1 |
|
|a управленцы
|
| 610 |
1 |
|
|a управленческая деятельность
|
| 610 |
1 |
|
|a дополнительное образование
|
| 610 |
1 |
|
|a дополнительное профессиональное образование
|
| 610 |
1 |
|
|a управленческая компетентность
|
| 610 |
1 |
|
|a экономисты-менеджеры
|
| 610 |
1 |
|
|a монографии
|
| 686 |
|
|
|a Ч484(2)к
|v LBC/SL-A
|2 rubbk
|
| 686 |
|
|
|a У9(2)212
|v LBC/SL-A
|2 rubbk
|
| 700 |
|
1 |
|a Черных
|b А. И.
|g Анатолий Иосифович
|
| 701 |
|
1 |
|a Ковардаков
|b М. А.
|g Маргарита Анатольевна
|
| 701 |
|
1 |
|a Морусов
|b А. А.
|g Александр Александрович
|
| 801 |
|
1 |
|a RU
|b 63413507
|c 20121029
|
| 801 |
|
2 |
|a RU
|b 63413507
|c 20130117
|g RCR
|
| 942 |
|
|
|c BK
|
| 959 |
|
|
|a 139/20121029
|d 1
|e 1100,00
|